Manuel des psychotraumatismes : Cliniques et recherches contemporaines (notice n° 1512449)

détails MARC
000 -LEADER
fixed length control field 01674cam a2200157 4500500
005 - DATE AND TIME OF LATEST TRANSACTION
control field 20251012001319.0
041 ## - LANGUAGE CODE
Language code of text/sound track or separate title fre
042 ## - AUTHENTICATION CODE
Authentication code dc
100 10 - MAIN ENTRY--PERSONAL NAME
Personal name Mouchenik, Yoram
Relator term author
245 00 - TITLE STATEMENT
Title Manuel des psychotraumatismes : Cliniques et recherches contemporaines
260 ## - PUBLICATION, DISTRIBUTION, ETC.
Name of publisher, distributor, etc. La Pensée sauvage,<br/>
Date of publication, distribution, etc. 2012.<br/>
520 ## - SUMMARY, ETC.
Summary, etc. Cet ouvrage, rédigé par une équipe internationale de spécialistes, propose une clarification des concepts et des théories du traumatisme psychique à partir des champs cliniques, des expériences de terrains et des avancées thérapeutiques. Pour penser le traumatisme, il faut se situer dans l’histoire, la géographie, les cultures, le social et le politique et partir de la singularité de la rencontre avec les patients. Les apports théoriques et cliniques des auteurs reflètent le double objectif de recherche et d’action tant les traumatismes psychiques contemporains nous obligent à repenser les cadres classiques de nos interventions et nos propres positions. Un premier axe est de revisiter les conceptions classiques du traumatisme psychique dans la diversité des approches. Le second axe est celui de l’intérêt de la recherche, pour nourrir la clinique. Dans cet ouvrage, les auteurs exposent des approches didactiques, claires, concises et novatrices qui s’adressent aux étudiants, aux professionnels et à tous ceux qui souhaitent comprendre les traumatismes et ne renoncent pas à prévenir et à soigner.
700 10 - ADDED ENTRY--PERSONAL NAME
Personal name Baubet, Thierry
Relator term author
700 10 - ADDED ENTRY--PERSONAL NAME
Personal name Moro, Marie Rose
Relator term author
856 41 - ELECTRONIC LOCATION AND ACCESS
Uniform Resource Identifier <a href="https://shs.cairn.info/manuel-des-psychotraumatismes--9782859192754?lang=fr&redirect-ssocas=7080">https://shs.cairn.info/manuel-des-psychotraumatismes--9782859192754?lang=fr&redirect-ssocas=7080</a>

Pas d'exemplaire disponible.

PLUDOC

PLUDOC est la plateforme unique et centralisée de gestion des bibliothèques physiques et numériques de Guinée administré par le CEDUST. Elle est la plus grande base de données de ressources documentaires pour les Étudiants, Enseignants chercheurs et Chercheurs de Guinée.

Adresse

627 919 101/664 919 101

25 boulevard du commerce
Kaloum, Conakry, Guinée

Réseaux sociaux

Powered by Netsen Group @ 2025